Qassas ul quran (Record no. 571655)

000 -LEADER
fixed length control field 00485nam a22001697a 4500
003 - CONTROL NUMBER IDENTIFIER
control field CEME
005 - DATE AND TIME OF LATEST TRANSACTION
control field 20210628202949.0
008 - FIXED-LENGTH DATA ELEMENTS--GENERAL INFORMATION
fixed length control field 210119b xxu||||| |||| 00| 0 eng d
040 ## - CATALOGING SOURCE
Transcribing agency .
082 ## - DEWEY DECIMAL CLASSIFICATION NUMBER
Classification number 297.1227 MUH
100 ## - MAIN ENTRY--PERSONAL NAME
Personal name Muhammad Hifz Ur Rehman
9 (RLIN) 62586
245 ## - TITLE STATEMENT
Title Qassas ul quran
260 ## - PUBLICATION, DISTRIBUTION, ETC.
Place of publication, distribution, etc. LAHORE
Name of publisher, distributor, etc. MAKTABA-E-DARUL-ULOOM
Date of publication, distribution, etc. 2002
300 ## - PHYSICAL DESCRIPTION
Extent 2 VOLS
650 ## - SUBJECT ADDED ENTRY--TOPICAL TERM
Topical term or geographic name entry element ISLAM-QASSAS UL QURAN.ISLAM-BIOGRAPHY-AMBEYAEE.ISLAM-TAFSEER-QASSAS UL QURAN.
9 (RLIN) 62587
942 ## - ADDED ENTRY ELEMENTS (KOHA)
Koha item type Book
Source of classification or shelving scheme
Holdings
Withdrawn status Lost status Damaged status Not for loan Permanent Location Current Location Shelving location Date acquired Total Checkouts Full call number Barcode Date last seen Price effective from Koha item type
        College of Electrical & Mechanical Engineering (CEME) College of Electrical & Mechanical Engineering (CEME) General Stacks 07/24/2017   297.1227 MUH CEME-43261 06/28/2021 06/28/2021 Book
        College of Electrical & Mechanical Engineering (CEME) College of Electrical & Mechanical Engineering (CEME) General Stacks 07/24/2017   297.1227 MUH CEME-43260 06/28/2021 06/28/2021 Book
© 2023 Central Library, National University of Sciences and Technology. All Rights Reserved.